Aktualizovaná účtová osnova pre podnikateľov, zákony o účtovníctve, o daniach z príjmov a o DPH

Saved in:
Bibliographic Details
Format: Book
Language:Slovak
Published: Bratislava EPOS 1994
Edition:1. vyd.
Subjects:
Tags: Add Tag
No Tags, Be the first to tag this record!

MARC

LEADER 00000nam a2200000 4500
001 c009939
005 20221214075247.4
020 |a 80-85703-81-5 
041 0 |a slo 
044 |a SK 
245 1 0 |a Aktualizovaná účtová osnova pre podnikateľov, zákony o účtovníctve, o daniach z príjmov a o DPH 
250 |a 1. vyd. 
264 1 |a Bratislava  |b EPOS  |c 1994 
300 |a 208 s. 
610 2 0 |a osnova účtová 
610 2 0 |a účtovníctvo 
610 2 0 |a dane z príjmov 
610 2 0 |a dane z hodnoty pridanej 
610 2 0 |a Slovensko 
610 2 0 |a podnikanie